| 000 | 00582nam a22001817a 4500 | ||
|---|---|---|---|
| 999 |
_c526759 _d526759 |
||
| 003 | NUST | ||
| 020 | _qHBK | ||
| 038 | _aFaiza | ||
| 082 |
_a891.42108 _bSID |
||
| 100 |
_aSiddiqui, Adil _917759 |
||
| 245 |
_aKallar Vich Gulab / _cAdil Siddiqui |
||
| 260 |
_aLahore : _bInstitute of Punjabi Language & Culture, _c1995. |
||
| 300 | _a160 p. ; | ||
| 880 |
_6100-01\r _aعادل صدّیقی |
||
| 880 |
_6245-02\r _aکلّر وِچ گلاب / |
||
| 880 |
_6260-03\r _aلاہور : _bانسٹیٹیوٹ آف پنجابی لینگوئج اینڈ کلچر, _c۱۹۹۵. |
||
| 942 |
_2ddc _cBK |
||